000 00478nam a2200133Ia 4500
999 _c14176
_d14176
003 OSt
005 20260214131755.0
008 260210s9999 xx 000 0 und d
020 _a9783986120924
082 _a711
245 0 _aUrban-Rural Assembly A Handbook for Co-Visioning Interconnected Regions
250 _aAnke Hagemann / Ava Lynam / Gaoli Xiao / Wolfgang Wende / Li Fan / Sigrun Langner / Maria Frölich-Kulik / Laura Henneke / Lukas Pappert (eds.)
942 _cBPLAN
_2ddc